02101cam a2200433 i 4500001001300000003000600013005001700019008004100036035002100077035002400098040008000122100004900202245022100251250003500472260012000507300003000627336002700657337005400684338002800738380001600766591007600782648002600858648002600884648002600910651002300936651004900959651003601008651006701044658001301111700005901124700006501183700006501248700005001313710005501363787005201418942001501470999001701485952016501502zz2005903541NUKAT20260428233036.0050216s1938 pl |000 0 pol c a(OCoLC)749901972 a(NUKAT)zz2005903541 aKR 295/DRbpolerdacKR 295/DRdKR 295/DGRdGD U/KMsdWR O/PCdOLSZT 008/AL1 aSobieski, Wacławd(1872-1935).eAutor9129810aDzieje Polski.nT. 2,p1696-1864 /cWacław Sobieski ; przejrzeli i uzupełnili: Kazimierz Marian Morawski (Czasy Saskie), Władysław Konopczyński (Panowanie Stanisława Augusta) i Janusz Iwaszkiewicz (1796-1864). aWydanie drugie - pośmiertne. aWarszawa :bWydawnictwo Zorza :bnakład i własność Jana Załuski,c1938e(Łomża :fDrukarnia Diecezjalna). a204, [1] strona ;c24 cm. aTekstbtxt2rdacontent aBez urządzenia pośredniczącegobn2rdamedia aWoluminbnc2rdacarrier aKsiążki aWspółoprawne z: Dzieje Polski. T. 1, Do roku 1696. - Warszawa, 1938. 7a1601-17002DBN936034 7a1701-18002DBN936035 7a1801-19002DBN936037 7aPolska2DBN935076 7aPolskay1697-1763 (Wettinowie).2kaba936517 4aPolskay1795-1864.2kaba914650 7aPolskay1764-1795 (Stanisław August Poniatowski).2kaba94265 aHistoria1 aIwaszkiewicz, Januszd(1879-1944).eOpracowanie9407161 aKonopczyński, Władysławd(1880-1952).eOpracowanie916491 aMorawski, Kazimierz Mariand(1884-1944).eOpracowanie9115171 aZałuska, Jand(1873-1941).eNakładca9186282 aDrukarnia "Zorza" (Warszawa).eWydawca4pbl9408410 tDzieje Polski. T. 1, Do roku 1696wzz2005900347 2ddccBK_NM c27858d27858 00102ddc316742/1-240708PBKHaBIPbPBKHd2026-04-28i16742/1-2l0o16742/1-2pIPWK22221r2026-04-28 23:31:00w2026-04-28yBK_NMzwspółoprawny z 16742/1-2